000 00243 a2200097 4500
020 _a9780195742381
245 _aHead start Secondary English 3
250 _aRev. ed.
260 _bOxford University Press East Africa Limited
_c2005
942 _cBK
999 _c57955
_d57955